[Event "Daro"]
[Site "SchemingMind.com"]
[Date "2016.06.28"]
[Round "-"]
[White "JAHI"]
[Black "Quaff"]
[Result "1-0"]
[WhiteCountry "INT"]
[BlackCountry "ENG"]
[WhiteElo "2028"]
[WhiteRD "57"]
[BlackElo "1588"]
[BlackRD "68"]
[GameID "400787"]

1. g3 e5 2. Bg2 c6 3. c3 d5 4. a3 Nf6 5. a4 Bd6 6. b3 Be6 7. Na3 Na6 8. h3 h6 9. h4 Nh7 10. Nh3 Qd7
11. Nc2 f5 12. b4 Nc7 13. d3 O-O 14. d4 e4 15. Bf4 Ne8 16. a5 a6 17. Be5 Qc7 18. Nf4 Bf7 19. Bh3 Bxe5 20. dxe5 Qxe5
21. Qd4 Qxd4 22. Nxd4 g6 23. h5 g5 24. Ng6 Bxg6 25. hxg6 Nhf6 26. Bxf5 Ng7 27. Rxh6 Nxf5 28. Nxf5 Ng4 29. Ne7+ Kg7 30. Rh7+ Kf6
31. g7 Kxe7 32. g8=Q+
1-0

[Event "Daro"]
[Site "SchemingMind.com"]
[Date "2016.08.10"]
[Round "-"]
[White "DANDYLIONHONEYBADGER"]
[Black "chesshub"]
[Result "0-1"]
[WhiteCountry "USA"]
[BlackCountry "FRA"]
[WhiteElo "1353"]
[WhiteRD "69"]
[BlackElo "2541"]
[BlackRD "83"]
[GameID "402298"]

1. Nc3 c5 2. d3 d5 3. e3 Nf6 4. h3 e5 5. f3 Nc6 6. g4 d4 7. Ne4 Nxe4 8. dxe4 Qh4+ 9. Ke2 Be6 10. b3 c4
11. Qe1 d3+ 12. Kd2 Bb4+ 13. c3 Bxc3+ 14. Kxc3 Qxe1+
0-1

[Event "Daro"]
[Site "SchemingMind.com"]
[Date "2016.08.10"]
[Round "-"]
[White "chesshub"]
[Black "DANDYLIONHONEYBADGER"]
[Result "1-0"]
[WhiteCountry "FRA"]
[BlackCountry "USA"]
[WhiteElo "2568"]
[WhiteRD "81"]
[BlackElo "1308"]
[BlackRD "74"]
[GameID "402299"]

1. e4 e5 2. Nf3 f6 3. Nxe5 fxe5 4. Qh5+ g6 5. Qxe5+ Qe7 6. Qxh8 Qg7 7. Qxg7 Bxg7 8. c3 d6 9. d4 c6 10. Bf4 Bf8
11. Bd3 Nf6 12. O-O Nh5 13. Be3 Be6 14. Nd2 Nd7 15. f4 a6 16. f5 Bf7 17. Rae1 Bxa2 18. fxg6 hxg6 19. b3 O-O-O 20. Rf7 Nhf6
21. Ra1 Ng4 22. Bf4 Nh6 23. Rxf8 Rxf8 24. Bxh6 Rf6 25. Rxa2 c5 26. Bg5 Rf8 27. Nc4 Rh8 28. Nxd6+ Kb8 29. Rf2 Rh5 30. h4 Kc7
31. e5 Kc6 32. Be4+
1-0

[Event "Daro"]
[Site "SchemingMind.com"]
[Date "2016.08.22"]
[Round "-"]
[White "Apocalypse"]
[Black "frankly"]
[Result "1/2-1/2"]
[WhiteCountry "USA"]
[BlackCountry "ENG"]
[WhiteElo "2434"]
[WhiteRD "85"]
[BlackElo "2492"]
[BlackRD "59"]
[GameID "402682"]

1. d4 Nf6 2. Nf3 g6 3. Bf4 Bg7 4. h3 c5 5. e3 Qb6 6. Nc3 cxd4 7. exd4 O-O 8. Rb1 a6 9. Bc4 d5 10. Bb3 Nc6
11. O-O Bf5 12. Re1 Rad8 13. Ne5=
1/2-1/2

[Event "Daro"]
[Site "SchemingMind.com"]
[Date "2016.08.22"]
[Round "-"]
[White "frankly"]
[Black "Apocalypse"]
[Result "1-0"]
[WhiteCountry "ENG"]
[BlackCountry "USA"]
[WhiteElo "2492"]
[WhiteRD "59"]
[BlackElo "2434"]
[BlackRD "85"]
[GameID "402683"]

1. e4 c6 2. d4 d5 3. Nc3 b5 4. a3 dxe4 5. Nxe4 Nf6 6. Nxf6+ exf6 7. Bd3 Qxd4 8. Nf3 Qd5 9. Qe2+ Be7 10. O-O Be6
11. Rd1 Qh5 12. Nd4 Qxe2 13. Bxe2
1-0

[Event "Daro"]
[Site "SchemingMind.com"]
[Date "2017.01.06"]
[Round "-"]
[White "chesshub"]
[Black "Wojtek26"]
[Result "1-0"]
[WhiteCountry "FRA"]
[BlackCountry "POL"]
[WhiteElo "2570"]
[WhiteRD "87"]
[BlackElo "1573"]
[BlackRD "51"]
[GameID "408902"]

1. e4 e5 2. Nf3 Nc6 3. Bb5 d6 4. O-O a6 5. Bxc6+ bxc6 6. d4 Bg4 7. dxe5 dxe5 8. Qxd8+ Rxd8 9. Nxe5 Bd7 10. Nd2 Bd6
11. Nd3 Be7 12. Nc4 Nf6 13. Re1 O-O 14. Bf4 Nh5 15. Bxc7 Rc8 16. Bd6 Bxd6 17. Nxd6 Rb8 18. Rad1 Be6 19. b3 Rbd8 20. Nb7 Rb8
21. Nbc5 Rfe8 22. Nxa6 Rb7 23. a4 Rd8 24. Ndc5 Ra7 25. Rxd8#
1-0

[Event "Daro"]
[Site "SchemingMind.com"]
[Date "2017.01.08"]
[Round "-"]
[White "Wojtek26"]
[Black "chesshub"]
[Result "0-1"]
[WhiteCountry "POL"]
[BlackCountry "FRA"]
[WhiteElo "1573"]
[WhiteRD "51"]
[BlackElo "2570"]
[BlackRD "87"]
[GameID "408903"]

1. e4 c5 2. Nf3 e6 3. Bc4 d5 4. exd5 exd5 5. Be2 Nf6 6. O-O Bd6 7. Re1 O-O 8. d4 h6 9. dxc5 Bxc5 10. Nc3 Nc6
11. b3 Ne4 12. Bb2 Bxf2+ 13. Kh1 Bd4 14. Na4 Nf2+
0-1

[Event "Daro"]
[Site "SchemingMind.com"]
[Date "2017.02.25"]
[Round "-"]
[White "JAHI"]
[Black "chesshub"]
[Result "0-1"]
[WhiteCountry "INT"]
[BlackCountry "FRA"]
[WhiteElo "2067"]
[WhiteRD "72"]
[BlackElo "2627"]
[BlackRD "81"]
[GameID "410783"]

1. g3 e5 2. Bg2 d5 3. d3 Nf6 4. e3 Nc6 5. d4 Bd6 6. c3 O-O 7. b3 exd4 8. cxd4 Bf5 9. Bd2 Nb4 10. Bxb4 Bxb4+
11. Kf1 c6 12. Bf3 Qe7 13. Kg2 g5 14. h3 Kg7 15. Ne2 h5 16. Kf1 g4 17. Bg2 h4 18. a3 Bd6 19. hxg4 Nxg4 20. Rxh4 Rh8
21. Rxh8 Rxh8 22. Nbc3 Bxa3 23. Qd2 Nh2+ 24. Kg1 Bg4 25. Qc2 Nf3+ 26. Kf1 Nh2+ 27. Kg1 Bb4 28. Nf4 a5 29. Nd3 Nf3+ 30. Kf1 Qe6
31. Qb2 Rh2 32. Bxf3 Bxf3 33. Ke1 Qh3 34. Kd2 Be4 35. Rd1 Bxd3 36. Kc1 Bg6 37. Rd2 Qf5 38. Qc2 Qf3 39. Kb2 Bxc2 40. Rxc2 Rxf2
41. Nb1 Qxe3 42. Rxf2 Qxf2+ 43. Kc1 f5 44. g4 fxg4 45. Kd1 Qb2 46. Nc3 Bxc3 47. b4 Qd2#
0-1

[Event "Daro"]
[Site "SchemingMind.com"]
[Date "2017.02.25"]
[Round "-"]
[White "chesshub"]
[Black "JAHI"]
[Result "1-0"]
[WhiteCountry "FRA"]
[BlackCountry "INT"]
[WhiteElo "2627"]
[WhiteRD "81"]
[BlackElo "2067"]
[BlackRD "72"]
[GameID "410784"]

1. e4 e6 2. d4 d6 3. Nc3 d5 4. Bd3 Bb4 5. e5 Bxc3+ 6. bxc3 b6 7. Qg4 g6 8. h4 h6 9. h5 g5 10. f4 f6
11. fxg5 fxg5 12. c4 c6 13. Nh3 Ne7 14. Bg6+ Kd7 15. O-O Kc7 16. Nxg5 Nxg6 17. hxg6 hxg5 18. Rf7+ Bd7 19. cxd5 cxd5 20. Bxg5 Qc8
21. Qxe6 Kb7 22. g7 Rg8 23. Re7 Ka6 24. Qxd5 Qc3 25. Qxg8 Qxa1+ 26. Kh2 Nc6 27. Qxa8 Nxe7 28. Bxe7 Be6 29. g8=Q Bxg8 30. Qc8+ Kb5
31. Qxg8 Qxd4 32. Qb3+ Kc6 33. Qf3+ Qd5 34. Kg3 Qxf3+ 35. Kxf3 Kd7 36. Bd6 Ke6 37. Ke4 b5 38. g4 Kd7 39. Kd5 Kc8 40. Kc6 b4
41. Bc7 b3 42. axb3 a6 43. e6 a5 44. e7 a4 45. e8=Q#
1-0

[Event "Daro"]
[Site "SchemingMind.com"]
[Date "2018.05.29"]
[Round "-"]
[White "Jari Laine"]
[Black "frankly"]
[Result "0-1"]
[WhiteCountry "FIN"]
[BlackCountry "ENG"]
[WhiteElo "2498"]
[WhiteRD "73"]
[BlackElo "2559"]
[BlackRD "71"]
[GameID "428689"]

1. c4 e5 2. Nc3 Nf6 3. Nf3 Nc6 4. d4 exd4 5. Nxd4 Bb4 6. Bg5 h6 7. Bh4 Bxc3+ 8. bxc3 O-O 9. e3 Ne5 10. Nb5 d6
11. Bxf6 Qxf6 12. Nxc7 Nf3+ 13. Ke2 Bg4 14. Nd5 Ne5+ 15. Ke1 Qd8 16. f3 Be6 17. Rb1 Nxc4 18. Bxc4 Qh4+ 19. Kd2 Qxc4 20. Nf4 Qxa2+
21. Qc2 Qa5 22. Rxb7 Bc4 23. Ke1 Qc5 24. Kf2 a5 25. Qa4 Rfe8 26. Re1 Rab8 27. Rxb8 Rxb8 28. h4 d5 29. g4 Qc7 30. h5 Bb3
31. Qd4 a4 32. Ra1 Rc8 33. Rc1 Bc4 34. Kg2 Qb7 35. Rg1 a3 36. g5 Qc6 37. gxh6 Qxh6 38. Qe5 Rd8 39. Kf2 a2 40. Ng6 Ra8
41. Ne7+ Kh8 42. Ra1 Qf6
0-1

[Event "Daro"]
[Site "SchemingMind.com"]
[Date "2018.05.29"]
[Round "-"]
[White "frankly"]
[Black "Jari Laine"]
[Result "1-0"]
[WhiteCountry "ENG"]
[BlackCountry "FIN"]
[WhiteElo "2538"]
[WhiteRD "63"]
[BlackElo "2488"]
[BlackRD "72"]
[GameID "428690"]

1. e4 e5 2. Nf3 Nc6 3. Bb5 Nf6 4. d3 Bc5 5. c3 O-O 6. O-O d6 7. Nbd2 a6 8. Ba4 Ba7 9. h3 Ne7 10. Re1 Ng6
11. Bc2 d5 12. d4 exd4 13. cxd4 dxe4 14. Nxe4 h6 15. Nc3 c6 16. Be3 Qd6 17. Qb1 Ne7 18. Qc1 Bb8 19. Bxh6 gxh6 20. Rxe7 Qxe7
21. Qxh6 Re8 22. g3 Ba7 23. Ng5 Qf8 24. Bh7+ Kh8 25. Nxf7+ Qxf7 26. Bg6+ Qh7 27. Bxh7 Nxh7 28. Rd1 Bd7 29. Qh4 Rad8 30. Rd3 Be6
31. Ne2 Rd7 32. Re3 Bf7 33. b3 Bb6 34. Rxe8+ Bxe8 35. Qe4 Bf7 36. Kf1 Nf8 37. d5 Bd8 38. d6 Bf6 39. Nd4 Bg6 40. Qg4 Kg7
41. Ne6+ Nxe6 42. Qxe6 Rd8 43. h4 Be8 44. Qg4+ Kf7 45. Qc4+ Kg7 46. Qb4 Rd7 47. Qf4
1-0